000 00994nam a22001337a 4500
040 _cRUA
082 _aAVM SOK 2010 B091 Or.1
100 _aSOK, NOM.
245 _aEffect of celery cabbage and apple snail meal supplementation in CP concatenate on growth rate of avain broiler at royal university of agriculture, ប្រសិទ្ធិភាពនៃការបន្ថែមម្សៅសាច់ខ្ចងប៉ោម និងស្ពៃចង្កោះស្រោះ លើចំណីផ្សំក្រុមហ៊ិន ស៊ី.ភី សម្រាប់ការលូតលាស់មាន់សាច់ពូជ AVIAN​​ នៅស្ថានីយ៍ពិសោធន៍សត្វ នៃសាកលវិទ្យាល័យភូមិន្ធកសិកម្ម.
260 _aphnom phen
_bRUA
_c2010
300 _aXI,41p.
_bill.
_c29cm.
856 _uhttps://drive.google.com/file/d/1JVgrLWh0y3t7aeAws9rW4HdSqOCAGUMb/view?usp=sharing
942 _cAVM
999 _c2364
_d2364